Инновационные технологии горячей объемной штамповки заготовок из титановых сплавов учебное пособие
В учебном пособии рассмотрена общая характеристика деформируемых титановых сплавов. Изложены аспекты проектирования технологических процессов горячей объемной штамповки, углубленного изучения инновационных технологий штамповки полуфабрикатов из титановых сплавов. Учебное пособие предназначено для ст...
Gorde:
| Egile nagusia: | |
|---|---|
| Beste egile batzuk: | , |
| Formatua: | Книга |
| Hizkuntza: | Russian |
| Argitaratua: |
Москва
МАИ
2023
|
| Sarrera elektronikoa: | https://e.lanbook.com/book/422921 https://e.lanbook.com/img/cover/book/422921.jpg |
| Etiketak: |
Etiketa erantsi
Etiketarik gabe, Izan zaitez lehena erregistro honi etiketa jartzen!
|
| LEADER | 01946nam0a2200277 i 4500 | ||
|---|---|---|---|
| 001 | 422921 | ||
| 003 | RuSpLAN | ||
| 005 | 20240731173810.0 | ||
| 008 | 240731s2023 ru gs 000 0 rus | ||
| 020 | |a 978-5-4316-1066-0 | ||
| 040 | |a RuSpLAN | ||
| 041 | 0 | |a rus | |
| 044 | |a ru | ||
| 245 | 0 | 0 | |a Инновационные технологии горячей объемной штамповки заготовок из титановых сплавов |b учебное пособие |c Петров А. П.,Соколов А. В.,Шлёнский А. Г. |
| 260 | |a Москва |b МАИ |c 2023 | ||
| 300 | |a 96 с. | ||
| 504 | |a Библиогр.: доступна в карточке книги, на сайте ЭБС Лань | ||
| 520 | 8 | |a В учебном пособии рассмотрена общая характеристика деформируемых титановых сплавов. Изложены аспекты проектирования технологических процессов горячей объемной штамповки, углубленного изучения инновационных технологий штамповки полуфабрикатов из титановых сплавов. Учебное пособие предназначено для студентов, обучающихся по направлению 22.03.02 "Металлургия", изучающих дисциплину "Технология кузнечно-штамповочного производства". | |
| 521 | 8 | |a Книга из коллекции МАИ - Инженерно-технические науки | |
| 521 | 8 | |a СЭБ | |
| 100 | 1 | |a Петров А. П. | |
| 700 | 1 | |a Соколов А. В. | |
| 700 | 1 | |a Шлёнский А. Г. | |
| 856 | 4 | |u https://e.lanbook.com/book/422921 | |
| 856 | 4 | 8 | |u https://e.lanbook.com/img/cover/book/422921.jpg |
| 953 | |a https://e.lanbook.com/img/cover/book/422921.jpg | ||